[Event "23rd ETCC Open 2021"]
[Site "Catez"]
[Date "2021.11.16"]
[Round "5.32"]
[White "Haria, Ravi"]
[Black "Sahidi, Samir"]
[Result "1/2-1/2"]
[WhiteElo "2497"]
[BlackElo "2432"]
[Annotator "TA"]
[PlyCount "144"]
[EventDate "2021.11.08"]
[EventType "team-tourn"]
[EventCountry "SLO"]
[SourceTitle "playchess.com"]
[Source "ChessBase"]
[SourceQuality "1"]
[WhiteTeam "England"]
[BlackTeam "Slovakia"]
[WhiteTeamCountry "ENG"]
[BlackTeamCountry "SVK"]

{[%evp 21,144,7,10,0,14,6,15,14,3,3,16,16,27,26,22,20,19,27,19,18,20,24,25,27,
37,33,35,36,36,36,51,32,17,0,0,0,0,0,0,0,25,0,27,26,51,41,41,39,53,53,77,0,0,0,
1,0,0,0,0,0,0,0,0,0,0,0,0,0,0,0,0,0,0,0,0,0,0,0,0,0,0,0,0,0,0,0,0,0,0,0,0,0,0,
0,0,0,0,0,0,0,0,0,8,8,8,0,0,0,0,0,0,0,0,0,0,0,0,0,0,0,0,0,0,0,0]} 1. Nf3 {CB}
d5 2. g3 Nf6 3. Bg2 e6 4. O-O Be7 5. c4 O-O 6. d4 dxc4 7. Qc2 a6 8. a4 Bd7 9.
Qxc4 Bc6 10. Bg5 Bd5 {10...Nbd7 gains popularity.} 11. Qc2 Be4 12. Qd1 {
E05: Open Catalan: 5 Nf3 Be7.} h6 13. Bxf6 Bxf6 14. Nc3 Bxf3 15. Bxf3 c6 16.
Qb3 Qc7 17. Rfd1 Rd8 18. Ne4 Be7 19. a5 Nd7 {[#]} 20. Nd2 $146 ({Predecessor:} 
20. e3 Rab8 21. Nd2 Nf6 22. Nc4 Ne8 23. Nb6 Nd6 24. Rac1 Nb5 25. Be2 Qd6 26.
Qa2 Bf6 27. Bc4 Qb4 28. Bb3 {1/2-1/2 (50) Aronian,L (2783)-Wang,H (2724)
Shanghai 2010 CBM 138 [CB]}) 20... Rab8 21. Nc4 g6 22. Rac1 Bf8 23. Kg2 Nf6 {
[%cal Bd7f6,Bf6e8,Be8c7,Bc7b5][%mdl 32]} 24. e4 Qe7 25. Rd3 Ne8 26. h4 h5 27.
e5 Nc7 28. Rcd1 Nb5 29. Qc2 Bh6 30. Be4 Kg7 31. Qb3 Rh8 32. Nb6 {[%cal Bc4b6,
Bb6a4,Ba4c5][%mdl 32]} Rbd8 33. Qc4 Kh7 34. Na4 Bf8 35. Nc5 Qc7 {[#]} 36. b4 (
36. Nxe6 $1 $16 fxe6 37. Rf3) 36... Bxc5 $11 {The position is equal.} 37. dxc5
Rxd3 38. Rxd3 Rd8 39. f4 Rxd3 40. Qxd3 Kg7 41. Kf3 Qe7 42. Ke3 Kf8 43. Kf3 Ke8
44. Ke3 Qd7 45. Qxd7+ Kxd7 {[%mdl 4096] Endgame KB-KN} 46. Kd3 Nc7 47. Kc4 Nd5
48. Bd3 Ke7 49. Kb3 Kf8 50. Kc4 Kg7 51. Kb3 f6 52. exf6+ Nxf6 53. Kc4 Nd5 54.
Be4 Kf7 55. Kb3 Nf6 56. Bd3 Ne8 57. Kc4 Kf6 58. Be4 Nc7 59. Bd3 Nd5 60. Be4 Ne7
61. Kd3 e5 62. fxe5+ Kxe5 63. Ke3 (63. Bg2 {feels hotter.} Nd5 64. Bh3 Ne7 65.
Bd7 Kd5 66. g4) 63... Nf5+ 64. Bxf5 Kxf5 {KP-KP} (64... gxf5 $5 65. Kf3 $8 Ke6
$11) 65. Kf3 g5 66. hxg5 Kxg5 67. Ke3 Kf5 (67... Kg4 $5 68. Kf2 $8 Kf5 $11) 68.
Kf3 Ke5 69. Ke3 Kf5 $1 70. Kf3 $1 Ke5 71. Ke3 Kf5 $1 72. Kf3 $1 Ke5 {Weighted
Error Value: White=0.05/Black=0.04} 1/2-1/2

[Event "23rd ETCC Open 2021"]
[Site "Catez"]
[Date "2021.11.16"]
[Round "5.33"]
[White "Navara, David"]
[Black "Mikhalevski, Victor"]
[Result "1/2-1/2"]
[WhiteElo "2699"]
[BlackElo "2559"]
[Annotator "TA"]
[PlyCount "186"]
[EventDate "2021.11.08"]
[EventType "team-tourn"]
[EventCountry "SLO"]
[SourceTitle "playchess.com"]
[Source "ChessBase"]
[SourceQuality "1"]
[WhiteTeam "Czech Republic"]
[BlackTeam "Israel"]
[WhiteTeamCountry "CZE"]
[BlackTeamCountry "ISR"]

{[%evp 9,185,29,22,20,34,25,27,31,30,25,34,33,28,28,33,28,38,22,28,18,23,4,50,
20,21,14,23,26,50,50,51,50,50,50,50,50,50,55,50,47,54,54,57,60,68,50,55,19,24,
19,33,12,14,0,14,10,15,-2,-2,-6,-7,-3,0,0,-4,-55,-55,-55,-55,-55,-54,-59,-54,
-95,-95,-95,-95,-95,-95,-95,-95,-95,-95,-95,-95,-95,-95,-96,-95,-95,-95,-95,
-95,-95,-95,-95,-95,-95,-95,-95,-95,-95,-95,-95,-95,-95,-95,-95,-95,-95,-95,
-95,-95,-95,0,0,0,-95,0,-95,-95,-95,-95,-95,0,-95,0,-95,0,0,0,-95,-95,-95,0,
-95,-95,-95,-62,-62,-62,-95,-95,-95,-95,-95,-95,-95,-95,-95,-62,-62,-62,-69,
-76,-76,-77,-77,0,0,0,0,0,0,0,0,-8,-8,-8,0,0,0,0,0,0,0,0,0]} 1. Nf3 d5 2. d4 e6
3. c4 a6 4. cxd5 exd5 5. Nc3 Nf6 6. Bg5 {D37: Queen's Gambit Declined: 5 Bf4.}
Be6 7. e3 Nbd7 8. h3 {White has an edge.} c6 9. Bd3 Bd6 10. Bf4 Qc7 11. Qd2 O-O
12. O-O {[#]} Nb6 $5 $146 {[%mdl 8] An interesting novelty.} ({Predecessor:} 
12... Rfe8 13. Rac1 Bxf4 14. exf4 Ne4 15. Nxe4 dxe4 16. Bxe4 Bxa2 17. Rfe1 Nf6
18. Bf5 Rxe1+ 19. Rxe1 {0-1 (83) Goryachkina,A (2608)-Hou,Y (2658) Chess.com
INT 2021}) 13. b3 Rae8 14. a4 Nc8 15. Be5 Kh8 16. Qc2 Bxe5 17. Nxe5 Nd6 18.
Rfc1 a5 {[#]} 19. Nb5 $1 Qe7 20. Nxd6 Qxd6 21. Qd2 Ra8 22. Rc5 Qc7 23. b4 axb4
24. Qxb4 Nd7 25. Nxd7 Bxd7 26. Rb1 Qd6 27. Bc2 Ra7 28. Qb6 Rfa8 {[#]} 29. Rbb5
$1 Qb8 (29... Qf8 30. Ra5) 30. Ra5 g6 31. Bd1 Kg8 32. Rxa7 Qxa7 33. Qc7 b6 34.
Qxa7 Rxa7 $11 {[%mdl 4096] Endgame KRB-KRB} 35. Rc1 h5 36. Rb1 Ra6 37. Be2 (37.
Bf3 $11) 37... Rxa4 $15 38. Rxb6 Ra1+ 39. Kh2 Ra2 40. Bf3 Rxf2 41. e4 dxe4 42.
Bxe4 Rf4 43. Bxc6 Bxc6 44. Rxc6 Rxd4 $17 {KR-KR} 45. Kg3 h4+ 46. Kf3 Kg7 47.
Rc7 g5 48. Rc6 Rf4+ 49. Ke3 f6 50. Rc8 Kg6 51. Rg8+ Kf5 52. Ra8 Re4+ 53. Kf3
Rd4 54. Ra5+ Ke6 55. Ra6+ Ke5 56. Ra5+ Rd5 57. Ra3 Rc5 58. Ke3 Rb5 59. Kf3 Rd5
60. Ke3 Rc5 61. Kf3 Kd4 (61... Rc2 $17 62. Ra5+ Ke6 63. Ra6+ Kf7) 62. Ra4+ $11
Kd5 63. Ra3 (63. Kg4 $1 $11) 63... Rb5 (63... Rc2 $17 64. g3 Rc4 65. Rd3+ Ke5
66. Re3+ Kd6 67. gxh4 Rxh4) 64. Re3 (64. Kg4 $1 $11 {remains equal.}) 64... Rb4
$17 {...Rf4+ is the strong threat.} 65. Rd3+ Rd4 66. Ra3 Rd1 ({Black should try
} 66... f5 $17 67. Ra8 Ke6 68. Re8+ Kf7) 67. Ra5+ (67. Kg4 $11 {keeps the
balance.}) 67... Kd4 (67... Ke6 $1 $17 68. Ra3 f5) 68. Ra4+ (68. Rf5 $11) 68...
Kd3 (68... Ke5 $1 $17 69. Kg4 Rd2 70. Ra5+ Ke6 71. Ra6+ Kf7 72. Ra7+ Kg6) 69.
Ra3+ $11 Kd4 ({Black should play} 69... Kc2 $11 70. Kg4 Rd6) 70. Ra4+ $17 {[#]}
Ke5 $1 71. Ra5+ Rd5 72. Ra3 $1 f5 73. Re3+ Kd4 74. Re8 Rc5 75. Rd8+ Ke5 76.
Re8+ Kf6 77. Rf8+ Kg7 78. Ra8 Rc3+ 79. Kf2 Kf6 80. Ra6+ Ke5 81. Ra5+ Ke4 82.
Ra4+ {[#]} Kd5 $1 83. Ra8 Ke4 ({Better is} 83... Rc2+ $17 84. Kf3 Rc3+ 85. Kf2
Ke6 86. Ra6+ Kf7 87. Ra7+ Kf6 88. Ra6+ Kf7 89. Ra7+ Kg6 90. Ra6+ Kh5) 84. Ra4+
$11 {The position is equal.} Kd3 85. Ra5 $1 g4 {( -> ...Rc2+)} (85... f4 {
looks sharper.} 86. Rxg5 Ke4 87. Rg4 Rc2+ 88. Kg1 Rc1+) 86. Rxf5 Rc2+ 87. Kg1
$1 Rc1+ 88. Rf1 Rxf1+ 89. Kxf1 g3 90. Ke1 Ke3 91. Kf1 $1 Kd2 92. Kg1 Ke2 93.
Kh1 Kf2 {Weighted Error Value: White=0.06/Black=0.03} 1/2-1/2

[Event "23rd ETCC Open 2021"]
[Site "Catez"]
[Date "2021.11.16"]
[Round "5.34"]
[White "Smirin, Ilia"]
[Black "Nguyen, Thai Dai Van"]
[Result "1/2-1/2"]
[WhiteElo "2616"]
[BlackElo "2594"]
[Annotator "TA"]
[PlyCount "58"]
[EventDate "2021.11.08"]
[EventType "team-tourn"]
[EventCountry "SLO"]
[SourceTitle "playchess.com"]
[Source "ChessBase"]
[SourceQuality "1"]
[WhiteTeam "Israel"]
[BlackTeam "Czech Republic"]
[WhiteTeamCountry "ISR"]
[BlackTeamCountry "CZE"]

{[%evp 9,58,16,8,8,10,12,10,0,0,3,6,4,0,6,14,8,4,4,10,4,20,24,20,8,10,10,10,8,
15,5,5,0,0,0,0,0,0,0,0,0,0,0,0,0,0,0,0,0,0,0,0]} 1. e4 e5 2. Nf3 Nf6 3. Nxe5 d6
4. Nf3 Nxe4 5. c4 Nc6 6. d3 {C42: Petroff Defence: 3 Nxe5 and unusual White
3rd moves.} Nf6 7. d4 Be7 8. Nc3 O-O 9. d5 Ne5 10. Be2 Nxf3+ 11. Bxf3 Bf5 12.
O-O Nd7 13. Be4 Bxe4 14. Nxe4 {[#]} Nc5 $146 ({Predecessor:} 14... f5 15. Ng3
f4 16. Nh5 Bg5 17. Qd4 Bf6 18. Nxf6+ Qxf6 19. Qxf6 Rxf6 20. Re1 Rff8 21. b3 g5
{1/2-1/2 (21) Strautins,V (2550)-Lockwood,A (2353) ICCF email 2014}) 15. Nxc5
dxc5 16. Bf4 {The position is equal.} Bd6 17. Qd2 Bxf4 18. Qxf4 Qd6 19. Qxd6
cxd6 $11 {[%mdl 4096] Endgame KRR-KRR} 20. Rfe1 Rfe8 21. f3 Kf8 22. Kf2 a6 23.
Rxe8+ Kxe8 {KR-KR} 24. a4 Rb8 25. g4 Kd7 26. h4 Kc7 27. Re1 {[#] Black must
now prevent Re7+.} Kd7 28. Ra1 Kc7 29. Re1 {aiming for Re7+.} Kd7 {Not much
happened in this game.  Weighted Error Value: White=0.02/Black=0.01} 1/2-1/2

[Event "23rd ETCC Open 2021"]
[Site "Catez"]
[Date "2021.11.16"]
[Round "5.35"]
[White "Krejci, Jan"]
[Black "Postny, Evgeny"]
[Result "1/2-1/2"]
[WhiteElo "2565"]
[BlackElo "2557"]
[Annotator "ChessBase"]
[PlyCount "79"]
[EventDate "2021.11.08"]
[EventType "team-tourn"]
[EventCountry "SLO"]
[SourceTitle "playchess.com"]
[Source "ChessBase"]
[SourceQuality "1"]
[WhiteTeam "Czech Republic"]
[BlackTeam "Israel"]
[WhiteTeamCountry "CZE"]
[BlackTeamCountry "ISR"]
[TimeControl "40/5400+30:1800+30"]

1. Nf3 Nf6 2. c4 e6 3. b3 d5 4. e3 Be7 5. Bb2 O-O 6. Nc3 dxc4 7. Bxc4 a6 8. Qc2
c5 9. d4 b5 10. Be2 cxd4 11. Nxd4 Bb7 12. O-O Nbd7 13. Rac1 Rc8 14. Qb1 Nc5 15.
Bf3 Qb6 16. Bxb7 Qxb7 17. Nf3 Rfd8 18. Rfd1 Rxd1+ 19. Rxd1 b4 20. Ne2 Nce4 21.
Ne5 a5 22. Nc4 Qa6 23. Ng3 Nxg3 24. hxg3 Nd5 25. Qd3 h6 26. e4 Nf6 27. Bxf6
Bxf6 28. e5 Be7 29. Qf3 Qb5 30. Rd4 Bc5 31. Rd3 a4 32. Qd1 axb3 33. axb3 Qa6
34. Rd7 Qc6 35. Rd8+ Rxd8 36. Qxd8+ Kh7 37. Qd3+ Kg8 38. Qd8+ Kh7 39. Qd3+ Kg8
40. Qd8+ 1/2-1/2

[Event "23rd ETCC Open 2021"]
[Site "Catez"]
[Date "2021.11.16"]
[Round "5.36"]
[White "Boruchovsky, Avital"]
[Black "Zilka, Stepan"]
[Result "0-1"]
[WhiteElo "2542"]
[BlackElo "2593"]
[Annotator "ChessBase"]
[PlyCount "234"]
[EventDate "2021.11.08"]
[EventType "team-tourn"]
[EventCountry "SLO"]
[SourceTitle "playchess.com"]
[Source "ChessBase"]
[SourceQuality "1"]
[WhiteTeam "Israel"]
[BlackTeam "Czech Republic"]
[WhiteTeamCountry "ISR"]
[BlackTeamCountry "CZE"]
[TimeControl "40/5400+30:1800+30"]

1. c4 e6 2. Nc3 d5 3. d4 Nf6 4. cxd5 exd5 5. Bg5 c6 6. e3 Bf5 7. Qf3 Bg6 8.
Bxf6 Qxf6 9. Qxf6 gxf6 10. Nf3 Nd7 11. Nh4 Be7 12. Ne2 f5 13. g3 Nb6 14. Nf4
Nc8 15. Bd3 Nd6 16. Nf3 h6 17. Ne5 Bh7 18. Rc1 a5 19. Rg1 Bg5 20. Be2 Rg8 21.
Ned3 Ke7 22. Kf1 Ne4 23. Rc2 Rge8 24. a3 a4 25. Kg2 Kf8 26. Nc5 Nxc5 27. Rxc5
Ke7 28. Kf3 Kd7 29. Rgc1 Be7 30. R5c3 Bd6 31. Bd3 Bg6 32. h3 Ke7 33. Rh1 Kf6
34. h4 Re7 35. h5 Bh7 36. Ng2 Ree8 37. Ke2 Rg8 38. Rh4 Rg5 39. Rc1 Rg7 40. Ne1
Bg8 41. Nf3 Ke6 42. Nd2 Rg5 43. Rh3 Bh7 44. Nb1 Rgg8 45. Nc3 Rgb8 46. Rhh1 Bg8
47. Kd2 Bc7 48. Kc2 Ra5 49. Kb1 Bd6 50. Ne2 Bh7 51. Nc3 Kf6 52. Na2 Kg7 53. Ka1
Rg8 54. Nb4 Kh8 55. Rc3 Raa8 56. Bc2 f4 57. Bxh7 Kxh7 58. gxf4 Bxb4 59. axb4
Rg2 60. Rc2 Re8 61. Kb1 Kg7 62. Kc1 Kf6 63. Kd1 Reg8 64. Ke2 Rg1 65. Rc1 Rxh1
66. Rxh1 Ra8 67. Ra1 Kf5 68. f3 Rg8 69. Kf2 Ra8 70. Ra3 Ra6 71. Ke2 Ra8 72. Kd3
Ra6 73. Ra1 Ra8 74. Ra3 Ra6 75. Ra2 Ra8 76. Ra1 Ra6 77. Kc2 Ra8 78. Rg1 a3 79.
Ra1 a2 80. Kc3 b5 81. Kc2 f6 82. Kc3 Ra7 83. Kb3 Re7 84. e4+ dxe4 85. fxe4+
Rxe4 86. Kc3 Re3+ 87. Kd2 Ke4 88. Rxa2 Rd3+ 89. Ke2 Rxd4 90. Ra6 Rxb4 91. Rxc6
Rxb2+ 92. Kd1 Kf5 93. Rb6 Rb4 94. Ke2 Re4+ 95. Kd3 Re6 96. Rxb5+ Kxf4 97. Rb1
Kg4 98. Rg1+ Kxh5 99. Rh1+ Kg5 100. Rg1+ Kf5 101. Rh1 Kg6 102. Rg1+ Kf7 103.
Kd4 h5 104. Rg2 Re5 105. Rg1 Ke6 106. Rh1 Kf7 107. Rg1 Re6 108. Rg2 Re1 109.
Rg3 h4 110. Rg4 f5 111. Rxh4 Kg6 112. Rh8 Kg5 113. Kd3 Kg4 114. Kd2 Re7 115.
Ra8 f4 116. Rg8+ Kh3 117. Rf8 Kg3 0-1

[Event "23rd ETCC Open 2021"]
[Site "Catez"]
[Date "2021.11.16"]
[Round "5.37"]
[White "Mastrovasilis, Dimitrios"]
[Black "Saric, Ivan"]
[Result "1-0"]
[WhiteElo "2619"]
[BlackElo "2665"]
[Annotator "TA"]
[PlyCount "85"]
[EventDate "2021.11.08"]
[EventType "team-tourn"]
[EventCountry "SLO"]
[SourceTitle "playchess.com"]
[Source "ChessBase"]
[SourceQuality "1"]
[WhiteTeam "Greece"]
[BlackTeam "Croatia"]
[WhiteTeamCountry "GRE"]
[BlackTeamCountry "CRO"]

{[%evp 24,85,-9,-4,-7,-12,-4,-12,0,-8,-8,-11,-9,-39,-9,-38,8,20,5,6,22,0,0,8,
35,37,25,25,32,27,32,18,18,17,30,39,66,66,60,29,32,28,18,20,104,70,212,187,187,
176,191,155,718,706,29982,29983,29980,792,679,537,535,533,657,650]} 1. e4 c5 2.
Nf3 d6 3. Bb5+ Bd7 4. Bxd7+ Qxd7 5. O-O Nf6 6. Qe2 Nc6 7. c3 e6 8. d4 cxd4 9.
cxd4 d5 10. e5 Ne4 11. Nbd2 Nxd2 12. Bxd2 Be7 13. Rac1 {13.g3 deserves study.}
O-O {B52: Sicilian: Moscow Variation with 3...Bd7.} 14. Rc3 Rfc8 15. h4 {[#]}
a5 $146 {The position is equal.} ({Predecessor:} 15... Bb4 16. Rxc6 Qxc6 17.
Bxb4 Qc4 18. Qxc4 Rxc4 19. Bc3 Kf8 20. Nd2 Rc6 21. Rb1 Ke7 {1-0 (48) Arribas
Robaina,M (2296)-Dewi,A (2143) Istanbul 2012}) 16. a3 a4 17. h5 h6 18. Rd3 Kh8
19. Ne1 f5 20. exf6 Bxf6 21. Bc3 Na7 22. Nf3 Nb5 23. Bb4 Nd6 24. Bxd6 Qxd6 25.
Re3 Ra6 26. Re1 {[%cal Re3e6]} Rcc6 27. Ne5 Bxe5 28. Rxe5 Qf8 29. Qg4 {[%cal
Re5e6]} Qf6 30. f4 {Threatens to win with f5.} Ra8 31. f5 {[%cal Rf5e6]} Rf8 {
[%cal Re6f5]} 32. Rf1 Kg8 33. Rf3 {[%cal Rf5e6]} Rc1+ (33... Rc4 $1 $11 34.
Rxe6 Qxd4+ 35. Qxd4 Rxd4) 34. Kh2 $16 Qe7 (34... Rc4 $14 35. Kh3 Qxe5 36. dxe5
Rxg4 37. Kxg4 exf5+ 38. Rxf5 Rd8) 35. Rxe6 Qc7+ 36. Rg3 {[#] aiming for f6.}
Rf1 37. Re5 g5 $2 {A mistake that costs the game.} (37... Rf6 $16 38. Rxd5 Rf4)
38. fxg6 $18 {Intending g7 and mate.} R8f4 39. Qe6+ Kg7 40. Qe7+ (40. Rc3 $142
Qd8 41. Rxd5 Qh4+ 42. Rh3 Rh1+ {[%mdl 64] Decoy} 43. Kxh1 Rf1+ 44. Kh2 Qf4+ 45.
Rg3) 40... Qxe7 {White is clearly winning.} 41. Rxe7+ Kg8 42. Re8+ Kg7 43. Rc3
{Weighted Error Value: White=0.09/Black=0.52} 1-0

[Event "23rd ETCC Open 2021"]
[Site "Catez"]
[Date "2021.11.16"]
[Round "5.38"]
[White "Brkic, Ante"]
[Black "Pavlidis, Antonios"]
[Result "0-1"]
[WhiteElo "2599"]
[BlackElo "2536"]
[Annotator "TA"]
[PlyCount "117"]
[EventDate "2021.11.08"]
[EventType "team-tourn"]
[EventCountry "SLO"]
[SourceTitle "playchess.com"]
[Source "ChessBase"]
[SourceQuality "1"]
[WhiteTeam "Croatia"]
[BlackTeam "Greece"]
[WhiteTeamCountry "CRO"]
[BlackTeamCountry "GRE"]

{[%evp 13,117,31,45,50,57,54,59,43,51,47,46,43,35,38,68,37,21,22,39,27,50,36,
37,11,10,6,12,33,27,-54,-68,-65,-71,-104,-98,-114,-115,-163,-164,-166,-155,
-180,-177,-176,-183,-176,-166,-218,-218,-218,-200,-201,-167,-199,-205,-195,
-203,-393,-196,-873,-235,-855,-868,-2166,-840,-929,-899,-853,-506,-506,-487,
-555,-496,-476,-464,-397,-404,-404,-404,-885,-893,-913,-905,-871,-783,-654,
-380,-1515,-1501,-1491,-1338,-5982,-5982,-5982,-5975,-5975,-5967,-5941,-5733,
-5960,-5960,-5953,-5854,-5494,-5129,-911]} 1. e4 e5 2. Nf3 Nc6 3. Bb5 a6 4. Ba4
Nf6 5. O-O Nxe4 6. d4 Be7 7. Re1 b5 8. Rxe4 {[#] Threatens to win with Bb3.
C84: Closed Ruy Lopez: Unusual White 6th moves.} d5 9. Nxe5 Nxe5 10. Rxe5 {
Black must now prevent Bb3.White is slightly better.} bxa4 11. Qe2 {is now
more promising than 11.Nc3.} Be6 12. f4 $1 Kf8 13. f5 Bd7 14. Nc3 f6 15. Re3
Bxf5 16. Bd2 {[#]} Bb4 $5 $146 {[%mdl 8] An interesting novelty.} ({
Predecessor:} 16... c6 17. Rf1 Bg6 18. Qg4 Qc8 19. Qf3 Bd6 20. Be1 Qc7 21. Bh4
Re8 22. Rxe8+ Kxe8 {1/2-1/2 (37) Parkhov,Y (2424)-Banusz,T (2631) Tornelo INT
2021}) 17. Nxa4 Bd6 18. c4 Qd7 19. b3 dxc4 20. Re1 Rd8 21. Nb2 (21. Nc5 $11
Bxc5 22. dxc5) 21... cxb3 $15 22. axb3 h5 23. Kh1 {Black keeps a firm grip on
the game.} Kg8 24. Nc4 Bf8 25. Ba5 h4 ({Resist} 25... Qxd4 26. Bxc7 Rd7 27. Ba5
$15) 26. h3 {[#]} Bg6 $1 ({Inferior is} 26... Qxd4 27. Bxc7 Rd7 28. Bd6 $11)
27. Rf1 Rh5 28. Rf4 Bf7 29. Be1 c5 30. d5 (30. Bxh4 {was worth a try.} cxd4 31.
Rd3) 30... Qxd5 $19 31. Rxh4 Rxh4 32. Bxh4 Qd4 33. Bg3 Qa1+ 34. Kh2 Rd1 {
[%csl Ga1][%cal Rd1h1]} 35. Bc7 $2 (35. Be1 {was called for.}) 35... Qc1 (35...
Rh1+ $142 36. Kg3 Qg1) 36. Qb2 $2 (36. Rd3 Rh1+ 37. Kg3) 36... Rh1+ 37. Kg3 Qg1
38. Bf4 g5 (38... Qh2+ $142 39. Kf3 Rf1+ 40. Qf2 Rxf2+ 41. Kxf2 Qxf4+ {[%mdl
64] Double Attack} 42. Rf3 Qd4+ 43. Ne3 Bxb3) 39. Qxf6 Qh2+ 40. Kg4 Qxf4+ 41.
Qxf4 gxf4 42. Re5 Bxc4 43. bxc4 {[%mdl 4096] Endgame KRB-KR} a5 {[%cal Ba6a5,
Ba5a4][%mdl 32]} 44. Rg5+ Kf7 45. Rf5+ Ke8 46. Rxf4 (46. Rf6 $142) 46... a4 47.
Rf6 Rc1 48. Ra6 Rxc4+ 49. Kf5 Rh4 50. g4 $2 (50. Ra7) 50... Rxh3 {Black is
clearly winning.} 51. Rxa4 Kf7 52. g5 Rf3+ 53. Kg4 Rf1 54. Ra7+ Kg6 55. Ra6+
Kg7 56. Rc6 Be7 57. Rc7 Rg1+ 58. Kf5 Kf7 59. Ke4 {Weighted Error Value:
White=0.92/Black=0.29} 0-1

[Event "23rd ETCC Open 2021"]
[Site "Catez"]
[Date "2021.11.16"]
[Round "5.39"]
[White "Kourkoulos-Arditis, Stamatis"]
[Black "Stevic, Hrvoje"]
[Result "1/2-1/2"]
[WhiteElo "2524"]
[BlackElo "2581"]
[Annotator "ChessBase"]
[PlyCount "64"]
[EventDate "2021.11.08"]
[EventType "team-tourn"]
[EventCountry "SLO"]
[SourceTitle "playchess.com"]
[Source "ChessBase"]
[SourceQuality "1"]
[WhiteTeam "Greece"]
[BlackTeam "Croatia"]
[WhiteTeamCountry "GRE"]
[BlackTeamCountry "CRO"]
[TimeControl "40/5400+30:1800+30"]

1. d4 d5 2. c4 dxc4 3. e4 e5 4. Nf3 exd4 5. Bxc4 Bb4+ 6. Nbd2 Nc6 7. O-O Nf6 8.
e5 Nd5 9. Nb3 Nb6 10. Bb5 Bd7 11. Bxc6 Bxc6 12. Nfxd4 Bd5 13. Qg4 Qd7 14. e6
fxe6 15. Nxe6 Qxe6 16. Qxb4 O-O-O 17. Bg5 Bxg2 18. Bxd8 Bxf1 19. Bxc7 Kxc7 20.
Kxf1 Re8 21. Qf4+ Qe5 22. Rc1+ Kb8 23. Qg3 Re7 24. Nd4 Qxg3 25. hxg3 Rd7 26.
Nf3 Rd5 27. Ke2 a5 28. Ke3 Rb5 29. b3 Nd5+ 30. Ke4 Nf6+ 31. Kd3 Rf5 32. Ke2 Ng4
1/2-1/2